|
|
|
|
| LEADER |
00707nab a2200217 i 4500 |
| 001 |
misc24489 |
| 005 |
20191111110425.0 |
| 008 |
170803s1942 hu o 0|| zxx d |
| 040 |
|
|
|a SZTE Miscellanea Repozitórium
|b hun
|
| 041 |
|
|
|a zxx
|
| 100 |
1 |
|
|a Kovács Erzsébet
|
| 245 |
1 |
0 |
|a Tanulmányok egy sárközi falu társadalmáról
|h [elektronikus dokumentum] /
|c Kovács Erzsébet
|
| 260 |
|
|
|c 1942
|
| 300 |
|
|
|a 1-6
|
| 490 |
0 |
|
|a Kolligátum
|
| 695 |
|
|
|a Társadalomrajz - Sárköz - tanulmányok
|
| 700 |
0 |
1 |
|a Mády Zoltán
|
| 700 |
0 |
1 |
|a Kovács Ágnes
|e aut
|
| 700 |
0 |
1 |
|a Zentai Etelka
|e aut
|
| 700 |
0 |
1 |
|a Kresz Mária
|e aut
|
| 856 |
4 |
0 |
|u http://misc.bibl.u-szeged.hu/24489/1/011_018_001-006.pdf
|z Dokumentum-elérés
|